<?xml version="1.0" encoding="UTF-8"?>
<collection xmlns="http://www.loc.gov/MARC21/slim">
<record>
  <controlfield tag="001">168246</controlfield>
  <controlfield tag="005">20260130124311.0</controlfield>
  <datafield tag="024" ind1="7" ind2=" ">
    <subfield code="2">doi</subfield>
    <subfield code="a">10.33115/udg_bib/iusfugit.i28.23101</subfield>
  </datafield>
  <datafield tag="024" ind1="8" ind2=" ">
    <subfield code="2">sideral</subfield>
    <subfield code="a">147756</subfield>
  </datafield>
  <datafield tag="037" ind1=" " ind2=" ">
    <subfield code="a">ART-2025-147756</subfield>
  </datafield>
  <datafield tag="041" ind1=" " ind2=" ">
    <subfield code="a">spa</subfield>
  </datafield>
  <datafield tag="100" ind1=" " ind2=" ">
    <subfield code="a">Lorie Tapia, Lilisbet</subfield>
    <subfield code="u">Universidad de Zaragoza</subfield>
  </datafield>
  <datafield tag="245" ind1=" " ind2=" ">
    <subfield code="a">Cultura jurídica de la igualdad y la diferencia en la jurisprudencia del tribunal europeo de derechos humanos</subfield>
  </datafield>
  <datafield tag="260" ind1=" " ind2=" ">
    <subfield code="c">2025</subfield>
  </datafield>
  <datafield tag="520" ind1="3" ind2=" ">
    <subfield code="a">El principio constitucional de igualdad se ha estudiado en relación con las diferencias. Como resultado, igualdad y diferencia son entendidas como formas de relacionarse y en ningún caso como conceptos que se excluyen. Este marco doctrinal ha servido de sustento para que diferentes grupos sociales puedan ver reconocidas sus diferencias, tanto desde lo normativo como en el ámbito jurisprudencial. La cultura
jurídica de la igualdad y la diferencia ha sido desarrollada por las cortes internacionales más importantes, como es el caso del Tribunal Europeo de Derechos Humanos (TEDH). El presente artículo analiza el juicio de igualdad que aplica el TEDH para determinar cuándo una diferenciación normativa viola el artículo 14 del Convenio Europeo de Derechos Humanos, basándose en el principio de proporcionalidad.
Estudia el marco normativo que aplica el Tribunal; los diferentes pasos que integran el juicio de igualdad; los aspectos teóricos generales que permiten la aplicación de un juicio más agravado de igualdad, y las diferentes categorías a las que se aplica. Así mismo, dedica un apartado al principio de proporcionalidad por su importancia en la aplicación del juicio. Todo ello se sustenta en una amplia jurisprudencia que
permite establecer conclusiones derivadas de su aplicación.</subfield>
  </datafield>
  <datafield tag="506" ind1="0" ind2=" ">
    <subfield code="a">Access copy available to the general public</subfield>
    <subfield code="f">Unrestricted</subfield>
  </datafield>
  <datafield tag="540" ind1=" " ind2=" ">
    <subfield code="9">info:eu-repo/semantics/openAccess</subfield>
    <subfield code="a">All rights reserved</subfield>
    <subfield code="u">http://www.europeana.eu/rights/rr-f/</subfield>
  </datafield>
  <datafield tag="655" ind1=" " ind2="4">
    <subfield code="a">info:eu-repo/semantics/article</subfield>
    <subfield code="v">info:eu-repo/semantics/publishedVersion</subfield>
  </datafield>
  <datafield tag="710" ind1="2" ind2=" ">
    <subfield code="1">4005</subfield>
    <subfield code="2">135</subfield>
    <subfield code="a">Universidad de Zaragoza</subfield>
    <subfield code="b">Dpto. Derecho Público</subfield>
    <subfield code="c">Área Derecho Constitucional</subfield>
  </datafield>
  <datafield tag="773" ind1=" " ind2=" ">
    <subfield code="g">28 (2025), 329-360</subfield>
    <subfield code="p">Ius Fugit</subfield>
    <subfield code="t">Ius Fugit Revista Interdisciplinar de Estudios Histórico-Jurídicos</subfield>
    <subfield code="x">1132-8975</subfield>
  </datafield>
  <datafield tag="787" ind1=" " ind2=" ">
    <subfield code="t">cultura jurídica de la igualdad y la diferencia en la jurisprudencia de Tribunal Europeo de Derechos Humanos</subfield>
    <subfield code="w">ISSN: 1132-8975</subfield>
  </datafield>
  <datafield tag="856" ind1="4" ind2="1">
    <subfield code="u">https://ifc.dpz.es/publicaciones/ver/id/4173</subfield>
    <subfield code="z">Texto completo de la revista</subfield>
  </datafield>
  <datafield tag="856" ind1="4" ind2=" ">
    <subfield code="s">238133</subfield>
    <subfield code="u">http://zaguan.unizar.es/record/168246/files/texto_completo.pdf</subfield>
    <subfield code="y">Versión publicada</subfield>
  </datafield>
  <datafield tag="856" ind1="4" ind2=" ">
    <subfield code="s">1250204</subfield>
    <subfield code="u">http://zaguan.unizar.es/record/168246/files/texto_completo.jpg?subformat=icon</subfield>
    <subfield code="x">icon</subfield>
    <subfield code="y">Versión publicada</subfield>
  </datafield>
  <datafield tag="909" ind1="C" ind2="O">
    <subfield code="o">oai:zaguan.unizar.es:168246</subfield>
    <subfield code="p">articulos</subfield>
    <subfield code="p">driver</subfield>
  </datafield>
  <datafield tag="951" ind1=" " ind2=" ">
    <subfield code="a">2026-01-30-12:20:39</subfield>
  </datafield>
  <datafield tag="980" ind1=" " ind2=" ">
    <subfield code="a">ARTICLE</subfield>
  </datafield>
</record>
</collection>